000 00940nam a2200253Ia 4500
003 OSt
005 20221005111205.0
006 a|||||r|||| 00| 0
007 ta
008 221004b |||||||| |||| 00| 0 hin d
020 _a9788181437990 (hbk)
_c250
024 _a97629
037 _b491, 18/03/2009, Vani Prakashan
_cTextual
040 _aCRL
_cCRL
_bhin
041 _2hin
_ahin
082 _aV2:51.M57, 152P8
100 _aशम्सुल इस्लाम, संपा.
245 0 _aग़दर का दलाल मुंशी जीवनलाल
246 _aग़dar kā dalāl muanshī jīvanalāla
260 _aनई दिल्ली
_bवाणी प्रकाशन भारत
_c2008
300 _a126पृ0
_ccm.
942 _hV2:51.M57, 152P8
_cTEXL
_2cc
999 _c1021102
_d1021102